Blitz: Hunger, Games, or Hunger Games Quiz Stats

 Plays Quiz Updated Apr 1, 2019

Score 0/30 Timer 01:00
0 Plays Today
% Correct
Hunger Games
95.2%
Hunger
95.2%
Games
95.2%
Games
95.2%
Hunger
95.2%
Hunger
95.1%
Games
95%
Hunger
94.9%
Hunger
94.9%
Hunger
94.8%
Hunger
94.8%
Hunger
94.7%
Games
94.5%
Games
94.5%
Hunger Games
94.4%
% Correct
Hunger Games
94.4%
Hunger Games
94.2%
Hunger Games
94.2%
Games
94.2%
Games
94%
Hunger Games
93.8%
Hunger
92.7%
Games
92.5%
Hunger Games
92.3%
Games
92%
Hunger
90.9%
Hunger Games
89.5%
Hunger Games
86.7%
Hunger Games
82.7%
Games
67.6%

You're not logged in!

Compare scores with friends on all Sporcle quizzes.
OR
Log In

Sporcle TV

Today on Sporcle TV


Watch our educational content, quiz creation guides, and fun videos on Sporcle TV.

Show Comments

Extras

Top Quizzes Today


Score Distribution

Your Account Isn't Verified!

In order to create a playlist on Sporcle, you need to verify the email address you used during registration. Go to your Sporcle Settings to finish the process.

Report this User

Report this user for behavior that violates our Community Guidelines.

Details: